Unshackled: Reminiscences of a wandering soul (Record no. 394239)

MARC details
000 -LEADER
fixed length control field 00446 a2200169 4500
005 - DATE & TIME
control field 20260116150248.0
008 - FIXED-LENGTH DATA ELEMENTS--GENERAL INFORMATION
fixed length control field 260114b |||||||| |||| 00| 0 eng d
020 ## - ISBN
International Standard Book Number 9788198903167
Price Rs. 299.00
040 ## - CATALOGING SOURCE
Original cataloging agency VIVEKANANDA LIBRARY
082 ## - DDC NUMBER
Classification number 920.0092
Book Number L149U
100 ## - MAIN ENTRY--PERSONAL NAME
Personal name Lakshman, V
245 ## - TITLE STATEMENT
Title Unshackled: Reminiscences of a wandering soul
260 ## - PUBLICATION, DISTRIBUTION, ETC. (IMPRINT)
Name of publisher, distributor, etc The Alcove Publishers
Place of publication, distribution, etc Gurgaon
Date of publication, distribution, etc 2025
300 ## - PHYSICAL DESCRIPTION
Pages 135
650 ## - Subject
Subject Autobiography
942 ## - ADDED ENTRY ELEMENTS (KOHA)
Koha item type Books
Holdings
Withdrawn status Lost status Source of classification or shelving scheme Damaged status Not for loan Location (home branch) Sublocation or collection (holding branch) Shelving location Date acquired Koha issues (times borrowed) Koha full call number Accession No. Koha date last seen Koha item type
    Dewey Decimal Classification     VIVEKANANDA LIBRARY VIVEKANANDA LIBRARY Vivekananda Library 18/12/2025   920.0092 L149U 443747 18/12/2025 Books
    Dewey Decimal Classification     VIVEKANANDA LIBRARY VIVEKANANDA LIBRARY Vivekananda Library 18/12/2025 2 920.0092 L149U 443746 24/02/2026 Books
© Designed and Maintained by Vivekananda Library, MDU Rohtak